000 00526nmm a2200169Ia 4500
008 251105s9999||||xx |||||||||||||||||und||
020 _a9788416170708
041 _aspa
100 _aSampedro Arrubla, Nicolás
245 0 _aCargar la suerte : interpretación de un misterio taurómaco
264 _a[Madrid, España] :
_bBiblioteca Nueva,
_c2014
300 _a184 páginas
490 _aLa Piel de toro
650 _aFolklore & Popular Culture
856 _uhttps://public.digitaliapublishing.com/a/35469
942 _cCF
999 _c77327
_d77327